Countries That Start with A (with a map) - Statistics

General Stats
  • This quiz has been taken 5,010 times
  • The average score is 9 of 11
Answers on the Map
Answers color-coded by a green-red scale on the quiz's map according to % correct below.
 
Answer Stats
Country % Correct
683.0 342.0 Australia
95%
414.2 100.9 Austria
88%
420.0 301.2 Angola
87%
384.2 167.2 Algeria
86%
234.0 373.0 Argentina
86%
480.5 125.0 Armenia
86%
425.5 124.0 Albania
85%
487.6 125.0 Azerbaijan
85%
528.0 149.2 Afghanistan
83%
384.0 118.7 Andorra
81%
241.4 204.0 Antigua & Barbuda
80%
No matching quizzes found
Score Distribution
Percent of People with Each Score
Percentile by Number Answered
Your Score History
You have not taken this quiz